Statistiques concernant Les animaux sauvages de fiction 4

Cliquez ici pour prendre le quiz!

Statistiques générales

  • Ce quiz a été pris 51 fois
  • Le résultat moyen est 11 sur 20

Statistiques - réponses

HintRéponse% Correct
Le livre de la jungleBaloo
93%
Dora l'exploratriceBabouche
88%
AladdinAbu
81%
Kung Fu pandaMaître Grue
81%
Harry PotterCroûtard
72%
ZootopieNick Wilde
70%
MulanCri-kee
67%
Kung fu pandaPo Ping
67%
FourmiZZ
58%
Tarzan (Disney)Tantor
53%
Mr BeanTeddy
53%
Les AristochatsRoquefort
51%
TarzanCheeta
49%
Le trône de ferDirewolves
40%
Sans familleJoli-Coeur
40%
Le manoir magiqueMaggie
37%
BabarZéphyr
30%
Roman de RenartBeaucent
26%
Stuart Little 2Margalo
14%
Maya l'abeilleCurt
12%

Distribution des résultats

Percentile par nombre de réponses

% des personnes avec chaque résultat

Votre développement - résultats

Vous n’avez pas pris ce quiz